| 000 | 00984nam a22003017a 4500 | ||
|---|---|---|---|
| 003 | CHAP | ||
| 005 | 20220329133920.0 | ||
| 008 | 971013s1985 r 00010 d | ||
| 010 | _a12639 | ||
| 011 | _a13611 | ||
| 035 | _a17683 | ||
| 040 | _cCHAP | ||
| 090 | _aFolleto 9821 | ||
| 100 | 0 | 0 |
_aGlaz, B. _948260 |
| 245 |
_aEvaluation of new canal point sugar cane clones _b: 1984-85 harvest scason |
||
| 260 |
_aWashington : _bAgricultural Research Service, _c1985 |
||
| 300 | _a22 p. | ||
| 590 |
_aBATCH-UPD _b10 _c20130110 _lUCH01 _h0311 |
||
| 590 |
_aBATCH-UPD _b10 _c20130110 _lUCH01 _h1914 |
||
| 590 |
_aBATCH-UPD _b10 _c20130409 _lUCH01 _h2343 |
||
| 590 |
_aBATCH-UPD _b10 _c20130914 _lUCH01 _h0834 |
||
| 590 |
_aCONVERSION _b10 _c20130109 _lUCH01 _h1308 |
||
| 650 | 1 | 4 |
_aCaña de azúcar _xHíbridos. _918613 |
| 650 | 1 | 4 |
_aCaña de azúcar _xVariedades resistentes a enfermedades. _918663 |
| 901 | _aBK | ||
| 942 | _cFOLL | ||
| 949 |
_aFolleto 9821 _bBC _cFOLL _d-41542 _eTS1 _i17683 _mD _si |
||
| 999 |
_c12639 _d12639 |
||